Familles de plantes à fleurs - Statistiques

Statistiques générales
  • Ce quiz a été pris 297 fois
  • Le résultat moyen est 27 sur 170
Statistiques - réponses
Hint Réponse % Correct
25040 Asteraceae
73%
26000 Orchidaceae
73%
11337 Poaceae
71%
2805 Rosaceae
66%
19580 Fabaceae
64%
7280 Lamiaceae
63%
3973 Brassicaceae
59%
610 Liliaceae
58%
3820 Apiaceae
50%
4225 Malvaceae
44%
6745 Euphorbiaceae
43%
2480 Solanaceae
43%
2525 Ranunculaceae
40%
13465 Rubiaceae
37%
2380 Campanulaceae
35%
1000 Cucurbitaceae
34%
866 Geraniaceae
34%
2120 Iridaceae
34%
825 Papaveraceae
34%
3645 Araceae
33%
2200 Caryophyllaceae
33%
4215 Ericaceae
32%
2625 Urticaceae
32%
985 Violaceae
32%
1793 Boraginaceae
30%
730 Fagaceae
30%
1400 Crassulaceae
29%
1605 Amaryllidaceae
28%
1880 Scrophulariaceae
27%
1880 Convolvulaceae
26%
1115 Polygonaceae
26%
2590 Primulaceae
26%
1866 Cactaceae
25%
1137 Moraceae
25%
145 Betulaceae
24%
890 Caprifoliaceae
24%
5695 Cyperaceae
24%
477 Hypericaceae
24%
5900 Myrtaceae
24%
1900 Plantaginaceae
24%
2585 Arecaceae
23%
2595 Asparagaceae
23%
207 Cistaceae
22%
442 Juncaceae
22%
300 Linaceae
22%
1035 Passifloraceae
22%
2085 Rutaceae
22%
695 Saxifragaceae
22%
955 Vitaceae
22%
3403 Bromeliaceae
21%
1200 Salicaceae
21%
227 Magnoliaceae
20%
4555 Apocynaceae
19%
117 Cannabaceae
19%
255 Colchicaceae
19%
1750 Gentianaceae
19%
2500 Lauraceae
19%
615 Oleaceae
19%
1925 Sapindaceae
19%
587 Aristolochiaceae
18%
1450 Araliaceae
16%
790 Bignoniaceae
16%
200 Adoxaceae
14%
2050 Amaranthaceae
14%
1001 Balsaminaceae
14%
1925 Begoniaceae
14%
120 Buxaceae
14%
205 Droseraceae
14%
150 Grossulariaceae
14%
650 Lythraceae
14%
656 Onagraceae
14%
2110 Orobanchaceae
14%
770 Oxalidaceae
14%
1055 Rhamnaceae
14%
918 Verbenaceae
14%
270 Hydrangeaceae
13%
836 Plumbaginaceae
13%
873 Anacardiaceae
12%
701 Berberidaceae
12%
885 Pandanaceae
12%
3615 Piperaceae
12%
990 Santalaceae
12%
4000 Acanthaceae
11%
405 Aquifoliaceae
11%
870 Dioscoreaceae
11%
1236 Polygalaceae
10%
460 Theaceae
10%
1370 Zingiberaceae
10%
1180 Aizoaceae
9%
2430 Annonaceae
9%
1410 Celastraceae
9%
652 Commelinaceae
9%
200 Heliconiaceae
9%
116 Hydrocharitaceae
9%
550 Marantaceae
9%
172 Melanthiaceae
9%
176 Nepenthaceae
9%
1615 Proteaceae
9%
110 Simaroubaceae
9%
210 Smilacaceae
9%
285 Zygophyllaceae
9%
900 Asphodelaceae
8%
480 Capparaceae
8%
4960 Melastomataceae
8%
855 Ebenaceae
7%
250 Hydrophyllaceae
7%
350 Lentibulariaceae
7%
475 Myristicaceae
7%
405 Nyctaginaceae
7%
2330 Phyllanthaceae
7%
200 Pittosporaceae
7%
545 Restionaceae
7%
891 Thymelaeaceae
7%
430 Actinidiaceae
6%
260 Calceolariaceae
6%
800 Clusiaceae
6%
240 Erythroxylaceae
6%
3405 Gesneriaceae
6%
145 Haloragaceae
6%
425 Heliotropiaceae
6%
641 Meliaceae
6%
442 Menispermaceae
6%
200 Monimiaceae
6%
105 Tropaeolaceae
6%
225 Cyclanthaceae
5%
950 Loranthaceae
5%
1250 Malpighiaceae
5%
170 Alstroemeriaceae
4%
775 Burseraceae
4%
500 Combretaceae
4%
180 Connaraceae
4%
280 Cunoniaceae
4%
680 Dipterocarpaceae
4%
430 Goodeniaceae
4%
217 Phrymaceae
4%
300 Podostemaceae
4%
385 Polemoniaceae
4%
149 Rhizophoraceae
4%
160 Styracaceae
4%
270 Cleomaceae
3%
350 Cordiaceae
3%
410 Dilleniaceae
3%
150 Ehretiaceae
3%
135 Escalloniaceae
3%
420 Loganiaceae
3%
1100 Sapotaceae
3%
460 Calophyllaceae
2%
635 Elaeocarpaceae
2%
135 Peraceae
2%
240 Velloziaceae
2%
133 Achariaceae
1%
530 Chrysobalanaceae
1%
110 Costaceae
1%
165 Dichapetalaceae
1%
1160 Eriocaulaceae
1%
116 Haemodoraceae
1%
150 Hypoxidaceae
1%
200 Icacinaceae
1%
353 Lecythidaceae
1%
220 Linderniaceae
1%
350 Loasaceae
1%
130 Marcgraviaceae
1%
225 Montiaceae
1%
542 Ochnaceae
1%
345 Pentaphylacaceae
1%
210 Putranjivaceae
1%
245 Stylidiaceae
1%
260 Symplocaceae
1%
220 Vochysiaceae
1%
325 Xyridaceae
1%
Aucun quiz correspondant
Distribution des résultats
% des personnes avec chaque résultat
Percentile par nombre de réponses
Votre historique - résultats
Vous n’avez pas pris ce quiz